01179nab a2200217uuc4500001000800000005001700008008004100025035001200066035002100078040001300099041000800112100003500120245007300155520045200228650002400680700004500704700003300749700004000782700003900822773010000861100171920240202081235.0061101s2002 spa  a1001719 a(OCoLC)820131337 ccomduadb aspa10aAlvarez Rojo, Victor4auteaut10aEnseñanza en la universidad: percepciones de profesores y alumnos.3 aEl contenido de este artículo versa sobre los resultados obtenidos en una investigación realizada con estudiantes y profesores de la Universidad de Sevilla. El propósito que perseguía dicha investigación era el de aportar algunos datos sobre el complejo proceso de enseñanza-aprendizaje que tiene lugar en la universidad y posibilitar con ello la organización de estrategias institucionales de apoyo a los estudiantes en ese proceso. aFracaso académico10aGarcía Jiménez, Eduardo A.4auteaut10aGil Flores, Javier4auteaut10aRomero Rodriguez, Soledad4auteaut10aCorrea Manfredi, Juliana4auteaut0 tRevista de Educación (Madrid)gNo. 328, May.- Ago. 2002, p. 303-323w125904x0034-8082066535